| 000 | 01162nam0a2200301 4500 | ||
|---|---|---|---|
| 001 | RU\NLR\bibl\1210334 | ||
| 005 | 20260405154708.0 | ||
| 010 |
_a978-5-88570-106-7 _9300 |
||
| 021 |
_aRU _b2008-9276 _9519 |
||
| 035 | _a(NLR Aleph) 001196761 | ||
| 090 |
_a1751793 _c1751793 |
||
| 100 | _a20080404d2007 |||y0rusy50 ca | ||
| 101 | 1 |
_arus _ceng |
|
| 102 | _aRU | ||
| 105 | _aa ||||||||| | ||
| 200 | 1 |
_aСказания реки Читосэ _eтридцать историй Страны Айнов _fГизо Осами _gпер. [с англ.] Марина Осипова _gил. Кейзабуро Тейджима |
|
| 210 |
_aХабаровск _cРИОТИП _d2007 |
||
| 215 |
_a41, [1] с. _cил. _d21 |
||
| 606 | 1 |
_aЛегенды и предания айнские _92528526 _3RU\NLR\auth\661497846 |
|
| 686 | _aШ3(5)-615.20 | ||
| 700 | 1 |
_4070 _8rus _7ca _aОсами _bГ. _f1908-1994 _gГизо _3RU\NLR\auth\7765608 _948537 |
|
| 702 | 1 |
_aТейджим _bК. _gКейзабуро _4440 |
|
| 801 | 0 |
_aRU _bNLR _c20080404 _gRCR |
|
| 801 | 1 |
_aRU _bNLR _c20080404 |
|
| 942 | _cBOOK | ||
| 980 | _aNB | ||
| 980 | _aNBR | ||